| 000 | 00522nam a22001817a 4500 | ||
|---|---|---|---|
| 999 |
_c524780 _d524780 |
||
| 003 | NUST | ||
| 005 | 20190625113520.0 | ||
| 008 | 190625b ||||| |||| 00| 0 eng d | ||
| 038 | _aMr. Noman Tariq | ||
| 082 | _a621 | ||
| 100 | _4Faisal Rehman | ||
| 245 |
_aHuman Identification On the Basis of Dental Biometrics / _cFaisal Rehman |
||
| 260 |
_aIslamabad : _bCEME Nust, _c2015. |
||
| 300 |
_ax, 52 p. : ill. ; _c30 cm. |
||
| 500 | _aHard Cover. | ||
| 600 | _2Mechatronics Engineering - MsThesis. | ||
| 942 |
_2ddc _cTHE |
||